Gender Neutral Names - Sudden Death - Statistics

General Stats
  • This quiz has been taken 38 times
  • The average score is 11 of 15
Answers on the Grid
Answers color-coded by a green-red scale on the quiz's grid according to % correct below.
Alex
Logan
Jackie
Megan
Rodger
Macy
Stacey
Taylor
Sawyer
Mark
Steven
Rob
Parker
Riley
Kai
Quinn
Jordan
Sutton
Ash
Emma
Liam
Caleb
Josh
Lucas
Paul
Jackson
Jack
Donald
Charlie
Blair
 
Answer Stats
Answer % Correct
Taylor
100%
Alex
97%
Jackie
90%
Charlie
87%
Jordan
87%
Riley
87%
Ash
80%
Quinn
80%
Parker
73%
Kai
67%
Blair
63%
Logan
57%
Sutton
57%
Sawyer
53%
Stacey
33%
No matching quizzes found
Score Distribution
Percent of People with Each Score
Percentile by Number Answered
Your Score History
You have not taken this quiz